CATÁLOGO PÚBLICO DE LA BIBLIOTECA OSCAR VARSAVSKY

La gerencia de las organizaciones no comerciales. (Registro nro. 1315)

Detalles MARC
000 -CABECERA
campo de control de longitud fija 00546nam a22002177a 4500
001 - NÚMERO DE CONTROL
campo de control T027600000129
008 - DATOS DE LONGITUD FIJA--INFORMACIÓN GENERAL
campo de control de longitud fija 181111b xve|||||r|||| 00| | esp d
020 ## - NÚMERO INTERNACIONAL ESTÁNDAR DEL LIBRO
Número Internacional Estándar del Libro 84-7088-651-7
099 ## - SIGNATURA TOPOGRÁFICA LOCAL
Número de clasificación 350
Cutter M577
100 ## - ENTRADA PRINCIPAL--NOMBRE DE PERSONA
Nombre de persona Meunier, Baudouin
245 ## - MENCIÓN DE TÍTULO
Título La gerencia de las organizaciones no comerciales.
260 ## - PUBLICACIÓN, DISTRIBUCIÓN, ETC. (PIE DE IMPRENTA)
Lugar de publicación, distribución, etc. 1993
300 ## - DESCRIPCIÓN FÍSICA
Extensión 471
500 ## - NOTA GENERAL
Nota general
650 ## - PUNTO DE ACCESO ADICIONAL DE MATERIA--TÉRMINO DE MATERIA
Término de materia o nombre geográfico como elemento inicial Marco de las decisiones.
650 ## - PUNTO DE ACCESO ADICIONAL DE MATERIA--TÉRMINO DE MATERIA
Término de materia o nombre geográfico como elemento inicial Preparación.
650 ## - PUNTO DE ACCESO ADICIONAL DE MATERIA--TÉRMINO DE MATERIA
Término de materia o nombre geográfico como elemento inicial Evaluación.
650 ## - PUNTO DE ACCESO ADICIONAL DE MATERIA--TÉRMINO DE MATERIA
Término de materia o nombre geográfico como elemento inicial Toma de decisiones.
700 ## - PUNTO DE ACCESO ADICIONAL--NOMBRE DE PERSONA
Nombre de persona Van Der Brempt, Isabelle.
Término indicativo de función/relación
942 ## - ELEMENTOS DE PUNTO DE ACCESO ADICIONAL (KOHA)
Tipo de ítem Koha Libro
Existencias
Estado de retiro Estado de pérdida Estado dañado No para préstamo Localización permanente Ubicación/localización actual Fecha de adquisición Total de préstamos Signatura topográfica completa Código de barras Fecha visto por última vez Precio válido a partir de Tipo de ítem Koha
        Oscar Varsavsky Oscar Varsavsky 13.11.2018   350 M577 T027600000121 13.11.2018 13.11.2018 Libro